Statistics for Top 20 Most Successful GAA Clubs in Ireland

Click here to take the quiz!

General Stats

  • This quiz has been taken 30 times
  • The average score is 6 of 20

Answer Stats

NClubCodeCountyCounty TitlesProvincialAll-IrelandTotal% Correct
5Nemo RangersFootball + HurlingCork29 Football + 4 Hurling17 Football7 Football57 (53 Football, 4 Hurling)
80%
2Dr CrokesFootball + HurlingKerry54 Football + 5 Hurling8 Football2 Football69 (64 Football + 5 Hurling)
72%
1PortlaoiseFootball + HurlingLaois54 Football + 18 Hurling7 Football1 Football80 (62 Football + 18 Hurling)
72%
4Crossmaglen RangersFootballArmagh4611663
56%
7Ballyhale ShamrocksFootball + HurlingKilkenny9 Football + 20 Hurling12 Hurling9 Hurling50 (41 Hurling + 9 Football)
52%
3St Finbarr'sFootball + HurlingCork30 Hurling + 20 Football5 Football + 4 Hurling3 Football + 2 Hurling64 (36 Hurling + 28 Football)
52%
11Glen RoversHurlingCork353240
32%
8St VincentsFootball + HurlingDublin15 Football + 17 Hurling7 Football3 Football42 (25 Football + 17 Hurling)
28%
6BlackrockHurlingCork385851
24%
17St Gall'sFootball + HurlingAntrim19 Football + 3 Hurling3 Football + 2 Hurling1 Football28 (23 Football + 5 Hurling)
24%
10Ballina StephenitesFootballMayo363140
16%
9BirrFootball + HurlingOffaly27 Hurling + 5 Football7 Hurling4 Hurling43 (38 Hurling + 5 Football)
16%
20AthenryHurlingGalway118322
12%
19CastlegarHurlingGalway174122
8%
15SixmilebridgeHurlingClare263130
8%
18BaltinglassFootball + HurlingWicklow23 Football + 1 Hurling1 Football1 Football26 (25 Football + 1 Hurling)
4%
16Bellaghy Wolf TonesFootballDerry234128
4%
12CorfinFootballGalway2110536
4%
14Loughgiel ShamrocksHurlingAntrim208230
4%
13St JohnFootball + HurlingAntrim24 Football + 7 Hurling1 Football + 1 Hurling033 (25 Football, 8 Hurling)
4%

Score Distribution

Percentile by Number Answered

Percent of People with Each Score

Your Score History

You have not taken this quiz